000 01217cad a22002175a 4500
001 L157249
008 121005s2012 xxk 000 0 eng d
035 _a(Sirsi) u157249
041 0 _aeng
110 2 _aAcuitus
_96056
245 0 0 _aCpad market flash
_bcommercial property auction data
_h[electronic resource]
260 _aLondon
_bAcuitus
_c2012
490 0 _aAcuitus Cpad Market Flash Commercial Property Auction Data
_vSeptember 2012
520 _aThe last round of auctions produced a small increase in the volume of property sold but also charted a continuing fragility in yields beyond prime properties. In July, activity levels of investment through the sale room remained broadly steady showing a rise of 4% since May 2012 and a 13% increase on February's auction volumes. The gap between prime and secondary has widened from 290 basis points in May to 520 in July - the largest gap of this property downturn.
590 _aNTK KA
651 4 _aUnited Kingdom
690 _aCommercial property
_96227
710 _aInvestment Property Databank
_92288
856 4 0 _uhttps://www.acuitus.co.uk/media/19719/cpad%20market%20flash%20september%202012.pdf
_zView the report at www.acuitus.co.uk
942 _n0
999 _c114676
_d114676